[Event "Pamplona 9798 8th"]
[Site "Pamplona"]
[Date "1997.01.01"]
[Round "5"]
[White "Illescas Cordoba, Miguel"]
[Black "Arizmendi Martinez, Julen Luis"]
[Result "1-0"]
[WhiteElo "2585"]
[BlackElo "2470"]
[Annotator "Illescas Cordoba,M"]
[PlyCount "55"]
[EventDate "1997.12.28"]
[EventType "tourn"]
[EventRounds "9"]
[EventCountry "ESP"]
[EventCategory "13"]
[SourceTitle "CBM 063"]
[Source "ChessBase"]
[SourceDate "1998.03.26"]
[SourceVersion "1"]
[SourceVersionDate "1998.03.26"]
[SourceQuality "1"]

1. c4 {Ribli} e5 2. Nc3 Bb4 {Eine in der letzten Zeit relativ haufig gespielte
Fortsetzung. Ihr großer Vorteil: Schwarz kann die theoretischen
Hauptfortsetzungen vermeiden. Weiß erlangt aber nach meiner Meinung die etwas
besseren Chancen. Ribli.} 3. Nd5 Bd6 (3... Be7 {Ribli Nach meiner Meinung
bietet dieser Zug die besten Ausgleichsmöglichkeiten für Schwarz.} 4. d4 d6 5.
Nf3 (5. e3 $5 $146 Nf6 (5... f5 $5) 6. Nxe7 Qxe7 7. Ne2 O-O 8. d5 a5 9. Nc3 Na6
10. e4 Nc5 11. Qf3 h6 12. h3 Nh7 13. g4 Qh4 14. Be2 b6 15. Qg2 Ba6 16. Be3 Rfe8
17. O-O-O Nd7 18. Kb1 Ndf8 19. Bd3 Ng6 20. Ne2 $14 {^^ +/= Onischuk,A-Bologan,
V/Wijk aan Zee II 1996}) 5... e4 6. Nd2 f5 7. Nb1 Nf6 $146 8. Nxe7 Qxe7 9. Nc3
O-O 10. Bg5 Be6 11. e3 Nbd7 12. Be2 c6 13. O-O $14 {1/2-1/2 Lautier,J-Shirov,A/
Tilburg 1996 (32)}) 4. d4 c6 5. dxe5 Bxe5 6. Nf3 d6 7. Ne3 $1 $146 {[%csl Ye5]
Ribli: Dieser Springerzug erscheint sehr sonderbar. Aber Weiß bereitet den Zug
g2-g4 vor, was zu scharfem Spiel führt.} (7. Nxe5 dxe5 $11 8. Nc3 {Ribli} Qxd1+
9. Nxd1 Na6 $5 $146 (9... Be6 $2 10. b3 a5 11. Bb2 $1 f6 12. Nc3 Na6 13. O-O-O
{1-0 Salov,V-Kramnik,V/Linares 1993 (40)}) (9... a5 10. Nc3 Nf6 11. b3 Na6 12.
Bb2 Bf5 $1 $10) 10. g3 Ne7 11. Bd2 Nf5 12. Bg2 Be6 13. Rc1 O-O-O 14. Ba5 Rd7
15. O-O h5 {= Georgiev,K-Adianto,U/Moscow (ol) 1994 (24)}) (7. Nf4 {Ribli} Bf6
8. e4 Ne7 9. Be2 Ng6 10. Nh5 $1 O-O 11. O-O $14 {1-0 Smejkal,J-Hort,V/
Kottnauer-mem 1996 (37)}) (7. Nc3 {Ribli} Bxc3+ 8. bxc3 $14 {Ftacnik}) 7... Bf6
{[%csl Re3,Rf3][%cal Yf6d4,Yf6h4,Yc8g4,Yc6d5]} (7... Ne7 8. Nxe5 dxe5 9. Qxd8+
Kxd8 10. b3 $14 {_|_ ^^}) (7... Nf6 {Ribli} 8. Nxe5 (8. g4 Nxg4 (8... Bxg4 9.
Nxe5 Qa5+ 10. Bd2 Qxe5 11. Bc3 $14) 9. Nxg4 Bxg4 10. Nxe5 Qa5+ (10... dxe5 11.
Qxd8+ Kxd8 12. Rg1 Bh5 13. Rxg7 Bg6 14. Bg5+ Kc7 15. Bh3 $36) 11. Bd2 Qxe5 12.
Bc3 Qe4 13. Rg1 $44) 8... Qa5+ (8... dxe5 9. Qxd8+ Kxd8 10. b3 Be6 11. Bb2 Nbd7
$11 {[%csl Re3] Weiß besitzt das Läuferpaar, aber die Stellung ist nicht
geöffnet und der weiße Springer steht nicht so gut auf e3.}) 9. Bd2 Qxe5 10.
Bc3 Qe6 11. g3 O-O 12. Bg2 $14) 8. g4 $3 {[%cal Yg4g5] Ribli: Ein wenig
ungewöhnlich. Weiss spielt 8.g4 in der ruhigen Englische Eröffnung.} (8. g3 Ne7
9. Bg2 O-O 10. O-O Na6 $15 {[%csl Gf6][%cal Gf6b2]}) 8... h6 {[%csl Gf6][%cal
Gf6b2]} (8... Na6 9. g5 Bxg5 (9... Be7 10. Rg1 $16 {[%csl Rg8] >< Ng8}) 10.
Nxg5 Qxg5 11. Qxd6 $36 {[%csl Gc1,Gf1] ^^}) (8... Ne7 $2 9. g5 Bxg5 10. Nxg5
Qa5+ 11. Bd2 Qxg5 12. Nd5 $18 {[%cal Yd5c7,Yd2g5]}) (8... Be6 9. g5 $16) (8...
g6 {[%cal Gf6b2]} 9. Qc2 {[%csl Gb2]} Ne7 10. Bd2 O-O 11. O-O-O $16 Na6 12. Bc3
{[%csl Rd6,Rg8][%cal Yh2h5,Gd1d6] /\ h4-h5 ->}) 9. h4 {Ribli: Weiß spielt wie
im Keres-Angriff der Sizilianischen Verteidigung.} Ne7 10. Rg1 $1 {[%cal Yg4g5]
} (10. Bg2 $6 Na6 $1 11. g5 $140 hxg5 12. hxg5 Rxh1+ 13. Bxh1 Bxg5 14. Nxg5
Qa5+ 15. Kf1 Qxg5 16. Qxd6 Bh3+ 17. Ng2 Qh5 $36 {[%csl Rf1]}) 10... g5 $2 {
[%csl Rf5,Rg5] >< g5,f5} (10... g6 $142 {[%csl Yf5,Gf6,Yg5,Yh5]} 11. Qc2 {
[%csl Gb2]} (11. g5 {Ribli} hxg5 12. hxg5 Bg7) 11... Qb6 $1 {[%csl Yb2][%cal
Gb6b2]} 12. Nd2 $1 $36 {[%csl Rd6,Rf6][%cal Yd2e4] /\ Ne4} (12. Nd1 $5 Na6 13.
Bd2) 12... d5 $140 13. cxd5 cxd5 14. Nxd5 $1 Nxd5 15. Qxc8+ Ke7 16. Qc4 $16) (
10... Qa5+ $2 11. Bd2 Qb6 12. g5 hxg5 13. hxg5 Bxb2 14. Rb1 $18 {[%csl Gb1,Rb2,
Rb6][%cal Yb3b6,Yb2b6]}) 11. Qc2 {[%csl Gb2] /\ Bd2} Qb6 {[%csl Yb2][%cal
Gb6b2] >< b2} (11... Na6 12. Bd2 {/\ 0-0-0, Bc3 ->}) (11... gxh4 12. Bd2 $36 {@
}) 12. hxg5 hxg5 {[#] Diagram} {[#]} 13. c5 $3 {[%csl Ge3][%cal Ye3c4] Ribli:
Eine interessantes positionelles Bauernopfer. Weiß möchte mit folgendem Nc4
seinen e3-Springer aktivieren.} Qb4+ (13... Qxc5 14. Qxc5 (14. Nc4 $2 d5 $17)
14... dxc5 15. Nc4 $16 {[%cal Gc1g5,Gc4d6,Gf3g5]} (15. Nc4 {Ribli} Rg8 (15...
Kf8 $5 16. Nxg5) 16. Nd6+ Kf8 17. Ne4 $14)) (13... dxc5 14. Nc4 $16 {[%cal
Gc1g5,Gf3g5,Gc4b6,Gc4d6]} (14. Nc4 {Ribli} Qc7 15. Bxg5 Bxg5 16. Nxg5 $14 Qh2
$2 17. Nf3)) 14. Bd2 Qxb2 (14... Qxc5 15. Qxc5 dxc5 16. Nc4 Be6 17. Nd6+ Kf8
18. Nxg5 $16 {[%csl Gd6,Gg5]}) 15. Qxb2 Bxb2 16. Rb1 Ba3 (16... Be5 {Ribli} 17.
Nc4 $16) 17. cxd6 Bxd6 18. Nxg5 $32 {[%csl Ra8,Rb8,Rc8][%cal Gg5e4,Ge3c4]
Ribli: Es ist eine sehr ungewöhliche Stellung entstanden, aber mir scheint
Weiß aktiver zu stehen.} Nd7 19. Ne4 $1 Bc7 (19... Be5 {Ribli} 20. Nc4 {
[%csl Re5,Re8] Es gibt viele Motive: Es droht 21.Ncd6 oder 21.Nxe5 Nxe5 22.Bc3
N7g6 23.f4. Schwarz hat Problemen auf den schwarzen Feldern.}) 20. Nf5 $1 {
[%csl Yc5,Yd6,Ye7,Yf6,Yg5,Yg7,Yh6]} (20. Nc4 Nb6 $14) 20... Nxf5 (20... Kf8 {
Ribli} 21. Bb4 $16 {[%cal Rb4f8]}) 21. gxf5 $16 {[%csl Gb1,Gd2,Ge4,Gf5,Gg1]
<->g Ribli: Weiß hat schon eine halboffene Linie für seinen Turm.} b6 (21...
Be5 {[%cal Ge5a1,Ge5h8]} 22. f4 (22. Bb4) 22... Bd4 23. e3 $16 (23. e3 {Ribli}
Bb6 24. a4 $36)) 22. Rd1 $1 {[%cal Gd1d8,Ge4d6] <->d, ><d6} (22. Rb3 {[%cal
Gb3h3]} Bb7 $14 {[%cal Ge8c8]}) (22. Bc3 {Ribli} Be5 $11) 22... Bh2 (22... Be5
23. f4 Bd4 (23... Bf6 24. Nxf6+ Nxf6 25. Bc3 {[%csl Gc3,Gf1]} Ke7 26. Rg3 $5 {
[%cal Yg3e3]} (26. e4) 26... Bxf5 27. Re3+ Be6 28. f5 Nd5 29. Rxd5 cxd5 30.
Bxh8 Rxh8 31. fxe6 fxe6 32. Ra3 $16) 24. e3 Bf6 25. Nxf6+ Nxf6 26. Bc3 Ke7 27.
e4 Rh2 28. Bxf6+ Kxf6 29. Rg5 Ke7 30. e5 f6 31. Rg7+ Kf8 32. Rg6 {[%csl Ra8,
Rf8]} fxe5 33. fxe5 Bxf5 34. Rf6+ Ke7 35. Rxf5 $16) (22... Ba6 $142 23. Bg5 $16
{[%csl Re8]} (23. Bg2 {Ribli} O-O-O 24. Ng5 Bc4 25. Bxc6 Ne5 $13) (23. Bc3 Be5
24. Nd6+ (24. Bxe5 Nxe5 $11) (24. Rxd7 $2 Bxc3+ {Dieser Zug kommt mit Schach,
so daß Schwarz gewinnt.}) 24... Ke7 $11)) (22... Bb7 {Ribli} 23. Bc3 Be5 24.
Bxe5 Nxe5 25. Nd6+ Ke7 26. Nxb7 $18) 23. Rh1 {[%cal Yd2f4] Ribli: Die
Fesselung in der h-Linie ist sehr unangenehm für Schwarz.} Be5 24. Nd6+ Kf8 (
24... Ke7 25. Bg5+ $18 (25. Bg5+ {Ribli} Bf6 (25... f6 26. Rxh8 $18) 26. Bxf6+
Nxf6 27. Rxh8 $18)) (24... Bxd6 {Ribli} 25. Rxh8+ $18) 25. Rxh8+ Bxh8 26. Bg2 {
[%csl Ra8,Rc6,Gg2]} (26. Bh6+ $2 Ke7 27. Bg5+ f6 $14) 26... Ba6 (26... Rb8 $142
27. Bxc6 (27. f4 $16) 27... Nc5 28. Bd5 $16) 27. Bxc6 Rd8 28. Ne4 {[%csl Gd1,
Rd7,Rd8][%cal Yd2b4,Yd2h6]} (28. Ne4 {Ribli} Nc5 (28... Ke8 29. Bb4 (29. Bg5
$18) 29... Be5 30. f4 $18 {Und der schwarze Läufer kann nicht mehr 31.Nf6 und
31.Nd6 abdecken. Ribli.}) 29. Bh6+ Ke7 30. f6+ Bxf6 31. Rxd8 Kxd8 32. Nxf6 $18)
1-0

[Event "RUS-ch Higher League 69th"]
[Site "Kolomna"]
[Date "2016.06.29"]
[Round "7"]
[White "Ponkratov, Pavel"]
[Black "Romanov, Evgeny"]
[Result "1-0"]
[WhiteElo "2573"]
[BlackElo "2642"]
[Annotator "Iotov,V"]
[PlyCount "97"]
[EventDate "2016.06.22"]
[EventType "swiss"]
[EventRounds "9"]
[EventCountry "RUS"]
[SourceTitle "CBM 174"]
[Source "ChessBase"]
[SourceDate "2016.09.13"]
[SourceVersion "1"]
[SourceVersionDate "2016.09.13"]
[SourceQuality "1"]

1. g3 e5 2. c4 d6 3. Bg2 f5 4. d4 Nf6 (4... Be7 $5 {The better move order!} 5.
Nc3 (5. Nf3 $6 e4 $1 {[%csl Yh4][%cal Ge7h4]}) 5... Nf6 $11) 5. Nc3 e4 $2 {
At this stage of the game, pushing pawns creates weaknesses - not a stronger
center!} (5... Be7 $142 6. dxe5 dxe5 7. Qxd8+ Bxd8 8. b3 O-O 9. Ba3 Re8 $11) 6.
f3 $16 {It really doesn't take much for Black's position to fall into ruins.}
exf3 7. Nxf3 (7. exf3 $1 Be7 8. Nge2 O-O 9. O-O c6 10. Nf4 $16 {[%csl Re6]
Lacking space and with no counterplay, Black's problems are about to get even
worse!}) 7... Be7 8. O-O O-O 9. d5 {[%csl Re6,Rf5][%cal Gf3d4,Gd4e6,Gd4f5]} Na6
10. Nd4 Ng4 11. Bh3 $5 {Keeps the pressure in the position!} (11. e4 $142 fxe4
12. Bf4 Nf6 13. Nxe4 Nxe4 14. Bxe4 Bf6 15. Bg2 $16) 11... Qe8 $6 (11... Bf6 $1
12. Nxf5 Bxc3 13. Bxg4 Bf6 $44) 12. e4 Qh5 13. Bxg4 fxg4 14. Rxf8+ Bxf8 15. a3
Bd7 $6 {Denying Black's knight the transfer route b8-d7-e5!} (15... Be7 $142
16. b4 Nb8 $1 17. Bf4 a5 $132 {It does seem tacky that Black is still in this
game. However, I must note that White's king could be potentially quite weak,
and all White has is his plus in development. If he is not able to use it, his
advantage will eventually disappear and he might be left in a worse position!})
16. b4 $16 {[%csl Ra6]} Re8 17. Be3 (17. Ra2 $5 {[%cal Ga2f2,Gf2f8] A nice way
to activate the rook!}) 17... Nb8 $6 {With the bishop on d7, transfering the
knight becomes an impossibility. This approach proves to be too slow, and it
is not able to create enough counterplay.} (17... c5 $1 {Attacking the center,
ruining White's pawn structure and attempting to improve the knight a6.} 18.
dxc6 bxc6 19. Qa4 Nb8 20. b5 c5 21. Nb3) 18. Nde2 $6 {I would rather have my
knight on the central d4 square and not remove it if not directly threatened.}
(18. Ra2 $1 $16) 18... a6 $6 {Losing the pawn on a7 should be a low priority
for Black - especially compared to all the other issues in the position that
must be fixed!} (18... Bc8 $1 $132 {[%cal Gb8d7,Gd7e5]}) 19. Nf4 Qf7 20. Qd2 g5
$2 {A crucial mistake which creates a kingside weakness for no reason.} (20...
Bc8 $1 $132 {With the same idea as always - improve the position of the knight.
}) 21. Nd3 Bg7 22. Bxg5 Qf3 $4 {The final mistake!} (22... Qg6 23. Be3 Rxe4 24.
Nf4 Qf6 25. Rc1 Re8 26. c5 $16) 23. e5 $1 $18 {[%csl Rf3][%cal Ga1f1] Romanov
was not able to create any counterplay.} Qf5 24. Rf1 Qg6 25. Bf6 dxe5 26. Bxg7
Kxg7 27. Re1 Bf5 28. Rxe5 Nd7 29. Rxe8 Qxe8 30. Qg5+ Bg6 31. Kf2 Qf7+ 32. Nf4
Qf6 33. Qxf6+ Kxf6 34. Ne6 Ke5 35. c5 c6 36. dxc6 bxc6 37. Nd8 Kd4 38. Ne2+ Kc4
39. Nxc6 Kb3 40. Ne7 Kxa3 41. c6 Nb6 42. c7 Bf7 43. Nf4 Bc4 44. Ke1 Ka4 45. Kd2
Kb3 46. Nfd5 Nc8 47. Nxc8 Bxd5 48. Nd6 Be6 49. b5 {Overall, I am quite
disappointed by the way Romanov played this game. Yet a good performance by
Ponkratov!} 1-0

[Event "Donner Memorial-A"]
[Site "Amsterdam"]
[Date "1994.??.??"]
[Round "4"]
[White "Timman, Jan H"]
[Black "Jussupow, Artur"]
[Result "1/2-1/2"]
[WhiteElo "2635"]
[BlackElo "2655"]
[Annotator "Jussupow,A"]
[PlyCount "131"]
[EventDate "1994.08.??"]
[EventType "tourn"]
[EventRounds "9"]
[EventCountry "NED"]
[EventCategory "15"]
[SourceTitle "CBM 043"]
[Source "ChessBase"]
[SourceDate "1994.12.01"]
[SourceVersion "1"]
[SourceVersionDate "1994.12.01"]
[SourceQuality "1"]

1. c4 {Hecht Ernst Ribli Hansen,Cu} e5 2. Nc3 d6 3. Nf3 f5 4. d4 e4 5. Ng5 c6
6. Nh3 (6. g3 $5 {Ribli} Be7 7. Nh3 Nf6 8. Bg2 O-O 9. O-O Kh8 $5 10. d5 Nbd7
11. b3 Ne5 12. Bb2 Rb8 $5 $13 {Schwartzman,G-Agrest,E/Zell am Ziller/1993/
INF59,(24)/} (12... Bd7 $14 {Nikolic,Pr-Hansen,Cu/Wijk aan Zee/CBM/40/INF59,
(24)/})) 6... Na6 7. e3 (7. f3) 7... Nf6 8. Nf4 (8. Be2) 8... Nc7 {/\Ne6} (8...
g5 {Hansen,Cu} 9. Nh5 Be6 10. h4 g4 11. Nf4 Bf7 12. d5 Bg7 13. dxc6 bxc6 14.
Qc2 Nc5 15. b3 a5 16. Ba3 $13 {Ruban,V-Popchev,M/Sochi-A/1989/}) (8... g6 {
Hansen,Cu} 9. Be2 (9. a3 Nc7 10. d5 {0,5/Hynes,K-Mc Nab,C/Blackpool zt/1990/})
(9. d5 Bg7 10. h4 Ng4 11. Bd2 O-O 12. Be2 Qe7 $13 {Popov,L-Miles,A/Roma/1990/})
(9. h4 Nc7 10. d5 Bg7 11. h5 g5 12. h6 Bf8 13. Nh5 Rg8 $13 {Xu Jun-Speelman,J/
Biel izt/1993/}) 9... Nc7 (9... Bg7 10. h4 Bh6 (10... O-O 11. Rb1 Nc7 12. b4
Ne6 $10 {Campos Moreno,J-Speelman,J/Manila ol/1992/}) 11. b3 Nc7 12. d5 c5 13.
Bb2 Qe7 14. Qd2 Bd7 15. O-O-O O-O-O {0,5/Neurohr,S-Werner,C/2.BLS/1991/}) 10.
Qb3 Bh6 11. d5 c5 12. Bd2 O-O 13. Nb5 g5 14. Nxc7 Qxc7 15. Nh5 Nxh5 16. Bxh5
Bg7 17. h3 $10 {Hort,V-Torre,E/Biel/1989/}) (8... Be7 {Hansen,Cu} 9. Rb1 (9. d5
O-O 10. h4 c5 (10... Nc7 11. g3 (11. Be2 c5 (11... Nd7 {0,5/Levin,F-Vaulin,A/
Podgorica/1993/} 12. b3 (12. h5 c5 13. b3 Bf6 14. Bb2 Ne5 15. Qd2 Qe7 16. Rd1
$13 {Gausel,E-Bologan,V/Manila ol/1992/}) 12... Ne5 13. Bb2 c5 14. h5 Bf6 $10 {
Illescas Cordoba,M-Vladimirov,E/Logrono/1991/}) (11... cxd5 12. cxd5 Nd7 13. g3
Bf6 14. Bd2 (14. Kf1 Be5 15. h5 Nf6 16. Bc4 $13 {Horvath,J-Hoiberg,N/Debrecen
EU-tch/1992/}) 14... Be5 (14... Ne5 15. Kf1 g6 16. Kg2 $13 {Murugan,K-Norwood,
D/Calcutta/1992/}) 15. Kf1 (15. Rc1 Nf6 16. Qb3 Rb8 (16... Kh8 17. a4 Na6 18.
Qa3 Bd7 19. b4 Rc8 $15 {Ruban,V-Anand,V/Palma de Mallorca/1989/}) 17. a4 Bd7
18. Qa3 Kh8 $13 {Maiwald,J-Mohr,S/Bundesliga/1992/}) 15... Nf6 16. Qb3 Rb8 17.
a4 Kh8 18. Kg2 Bd7 19. Rhc1 $13 {Salov,V-Romero Holmes,A/Madrid/1992/}) (11...
a5 12. a3 Na6 13. Rb1 Bd7 14. b4 axb4 15. axb4 c5 $13 {Schwartzman,G-Levin,F/
Groningen op/1992/}) (11... Nfe8 12. g3 Bf6 13. Qb3 Na6 14. Bd2 Nec7 15. a3 Nc5
16. Qc2 a5 17. Rb1 a4 $15 {Gaprindashvili,N-Torre,E/Kuala Lumpur/1994/}) 12. h5
a6 13. a4 b6 14. Bd2 Rb8 $13 {Rashkovsky,N-Okhotnik,V/Capelle la Grande/1989/})
(11. b3 Nd7 12. Bb2 Ne5 13. c5 $13 {Bellon Lopez,J-Spangenberg,H/Buenos Aires/
1994/}) 11... c5 (11... Ng4 12. Be2 Ne5 13. b4 (13. b3 c5 14. a3 a6 15. b4 $13
{Gasthofer,V-Vaulin,A/Harkany op/1993/}) 13... a5 14. b5 cxb5 15. cxb5 Bd7 16.
Qb3 $13 {Juhnke,K-Wockenfuss,K/BL/1983/}) 12. a3 Ng4 13. Be2 Ne5 14. b4 Bf6 15.
Bd2 b5 (15... b6 16. Rc1 $10 {Dlugy,M-Kharitonov,A/Moscow GMA op/1989/}) 16.
cxb5 c4 $44 {Dlugy,M-Bagirov,V/Palma de Mallorca/1989/}) (10... Ng4 11. Be2 (
11. g3 Bf6 12. Bd2 g6 13. Be2 Ne5 14. a3 Nc7 {Terrie,H-Yudasin,L/Worchester/
1990/}) 11... Ne5 12. g3 Bf6 $10 {Polugaevsky,L-Larsen,B/?/1974/}) 11. a3 Ng4
12. g3 Bf6 $10 {Gaprindashvili,N-Chiburdanidze,M/Tbilisi/1991/}) (9. h4 O-O (
9... Nc7 10. d5 (10. g3 O-O 11. Bd2 (11. d5) 11... Kh8 12. Qc2 Bd7 $13 {
Pachman,L-Matanovic,A/Portoroz izt/1958/}) 10... Ng4 11. g3 (11. Be2 Ne5 $13 {
Silseth,S-Henriksen,M/Gausdal TM/1993/}) 11... Bf6 (11... Ne5 12. Be2 {0,5/
Schwartzman,G-Sax,G/Odorheiu Secuiesc/1993/}) 12. Bd2 O-O 13. Be2 Qe8 14. Rb1
Ne5 $10 {Schwarzman,G-Rotstein,A/Cannes-Martinez/1992/}) 10. Bd2 (10. a3 Nc7
11. d5 Ng4 12. Be2 Ne5 13. g3 Bf6 14. Bd2 g6 15. b4 $13 {Polugaevsky,L-Lukin,A/
USSR/1974/}) (10. Be2 Nc7 11. Rb1 Ne6 $10 {Kamp,C-Chuchelov,V/BW/1992/}) 10...
Nc7 11. Qb3 Rb8 12. d5 c5 13. Be2 a6 14. a4 b6 $10 {Sideif Zade,F-Lukin,A/
Pavlodar/1987/}) 9... O-O 10. h4 (10. Be2 Nc7 11. O-O d5 12. b4 Ne6 $10 {
Pyrich,GD-Azar,P/corr/1991/}) 10... Nc7 11. d5 Ng4 12. g3 Bf6 $10 {Dzhandzhava,
L-Oratovsky,M/Jurmala/1989/} (12... c5 13. Be2 Ne5 14. Bd2 $13 {Nikolaev,
S-Samarin,I/Moskva open/1992/})) 9. d5 $1 (9. Bd2 {Hansen,Cu} Ne6 10. Nh5 Nxh5
11. Qxh5+ g6 12. Qd1 Bg7 $10 {Stone,R-Cifuentes Parada,R/Groningen op/1990/})
9... Be7 (9... c5 {Hansen,Cu} 10. h4 g6 11. Be2 a6 (11... Bh6 12. a3 O-O 13. g3
Nd7 14. Qc2 Ne5 $13 {Dekker,A-Hartoch,R/Dieren op/1990/}) 12. a4 Rb8 13. a5 b5
14. axb6 Rxb6 15. Na4 Rb7 16. Bd2 Bd7 17. Ba5 Kf7 18. Nxc5 $16 {Gaprindashvili,
N-Azmajparashvili,Z/Palma GMA op/1989/}) 10. b3 $5 $146 (10. h4 {Ribli} Ng4 11.
g3 Ne5 12. Be2 $10 {remis Schwartzman,G-Sax,G/Odorheiu Secuiesc/1993/CBM36/})
10... O-O 11. Bb2 Bd7 12. Be2 (12. h4 $5 {Ribli} Ng4 13. g3 Ne5 $13) 12... g5
$1 $132 13. dxc6 $8 (13. Nh5 cxd5 $15 (13... cxd5 {Hansen,Cu} 14. cxd5 Nxh5 15.
Bxh5 Bf6 $132)) 13... bxc6 (13... Bxc6 {Ribli} 14. Nfd5 $13) 14. Nh5 Be6 (14...
d5 $5) (14... Nxh5 {Hansen,Cu} 15. Bxh5 g4 16. h3 $14) 15. Qc2 (15. Qd2 d5 $36
{/\dc}) 15... d5 16. O-O-O $13 Nxh5 17. Bxh5 Na6 (17... g4 18. h3 $13) 18. a3
$1 $8 (18. Be2 {Ribli} Nb4 19. Qd2 dxc4 $17) 18... Rb8 (18... Qa5 19. b4 $16)
19. Be2 Qa5 20. cxd5 (20. b4 $2 Nxb4 (20... Bxb4 21. axb4 Nxb4 22. Qa4 $16) 21.
axb4 Rxb4 $40 (21... Bxb4 {Hansen,Cu /\Ba3} 22. Nb1 Rf7 $44 {/\Rfb7})) 20...
cxd5 21. Nxd5 $2 (21. Rxd5 $1 Bxd5 22. Nxd5 Bxa3 23. Bc4 Rf7 $13) (21. b4 {
Ernst} Nxb4 $1 22. axb4 Bxb4 23. Nxd5 Ba3 $19) 21... Bxa3 (21... Bxd5 $2 {
Hansen,Cu} 22. Rxd5 Qxd5 23. Bc4 $18) 22. Bc4 Rb7 $3 (22... Rf7 23. Kb1 Bxb2
24. Qxb2 $16 Nb4 $140 $2 25. Nxb4 Bxc4 26. Nc6) (22... Nc5 $2 {Hansen,Cu} 23.
Ne7+ Kf7 24. Nc6 $16) 23. Kb1 (23. Bxa3 {Hansen,Cu} Qxa3+ 24. Qb2 Qc5 $17)
23... Bxb2 24. Kxb2 (24. Qxb2 $2 Nb4 $1 25. Nxb4 Bxc4 $17 (25... Bxc4 {Ribli}
26. Nc6 Qa6 27. Rd6 Bd3+ 28. Kc1 Rc7 $19)) 24... Nc5 $17 25. Rd4 $5 (25. Ra1
Na4+ (25... Nd3+ {Hansen,Cu} 26. Kb1 Qc5 $17) 26. Rxa4 Qxa4 $17) 25... Nxb3
$138 (25... Rfb8 $5 {Ribli} 26. Ra1 (26. Rhd1 $5) 26... Nxb3 $1 27. Nf6+ (27.
Bxb3 Rxb3+ 28. Qxb3 Rxb3+ $19) (27. Rxa5 Nxd4+ $19) 27... Kf7 28. Bxe6+ Kxf6
$19) 26. Bxb3 Bxd5 (26... Rfb8 {Ribli} 27. Rhd1 $15) 27. Rxd5 Qxd5 28. Rd1
Rxb3+ $6 (28... Qf7 $142 $1 29. Ka3 (29. Ka2 {Hansen,Cu} Rxb3 30. Qxb3 Rc8 31.
Qxf7+ Kxf7 32. Kb2 Rc7 33. Rd6 $15) (29. Ka2 $1 {Ribli}) 29... Rxb3+ 30. Qxb3
$17) 29. Qxb3 Qxb3+ 30. Kxb3 Rb8+ $6 (30... Rf7 $5 {Hansen,Cu /\Kg7-g6}) (30...
Kg7 $142 31. Ra1 {Ribli} Rf7 32. Ra6 f4 33. exf4 gxf4 34. Kc3 f3 35. gxf3 Rxf3+
36. Kd4 Rxf2 37. Kxe4 Rxh2 38. Rxa7+ {remis}) 31. Kc3 Rc8+ 32. Kb3 Rb8+ 33. Kc3
Rc8+ 34. Kb3 Kf7 $6 (34... Rc5 $142 $15) 35. Rd7+ Kg6 36. Kb2 (36. Rxa7 {
Hansen,Cu} Rc1 $17 {/\Rg1} (36... Rc1 {Ernst} 37. Ra6+ Kh5 38. Ra5 Rg1 39. g3
Kg4 40. h3+ Kxh3 41. Rxf5 $17)) 36... a5 37. Rd6+ Kg7 (37... Kh5 {Hansen,Cu}
38. Rd5 Kg6 {-> game}) 38. Rd5 Kg6 39. Rxa5 $10 g4 40. Ra3 Kg5 41. Rc3 Rd8 42.
Kc2 Rd6 $1 43. g3 Rh6 44. Kd2 Rxh2 45. Ke2 h5 46. Rc8 h4 47. gxh4+ Rxh4 48.
Rg8+ Kf6 49. Rf8+ Ke6 50. Re8+ Kf7 51. Ra8 Rh1 52. Ra6 Rg1 53. Rb6 g3 54. fxg3
Rg2+ 55. Kf1 Rxg3 56. Kf2 Rg6 57. Rxg6 Kxg6 58. Kg2 (58. Kg3 $4 {Hecht} Kg5 59.
Kf2 Kh4 60. Kg2 Kg4 61. Kf2 Kh3 $19) 58... Kg7 59. Kg1 Kf7 60. Kf1 Ke6 61. Ke2
Kd5 62. Kd2 Kd6 63. Kd1 (63. Kc2 $2 {Hecht} Kc6 64. Kb3 (64. Kd2 Kb5 65. Kc3
Kc5 66. Kd2 Kb4 67. Kc2 Kc4 68. Kd2 Kb3 $19) 64... Kd5 65. Kc3 Ke5 66. Kd2 Kf6
67. Ke2 Kg5 68. Kf1 Kh4 69. Kg2 Kg4 $19) 63... Kc5 64. Kc1 Kb5 65. Kb1 Ka5 66.
Kc1 (66. Ka1 $4 {Ribli} f4 67. exf4 e3 68. Kb2 e2 $19) 1/2-1/2

[Event "Wuerzburg op 8th"]
[Site "Wuerzburg"]
[Date "1992.06.13"]
[Round "7"]
[White "Kalinitschew, Sergey"]
[Black "Vorotnikov, Vladislav Jr"]
[Result "1-0"]
[WhiteElo "2455"]
[BlackElo "2430"]
[Annotator "Kalinitschew,S"]
[PlyCount "51"]
[EventDate "1992.06.09"]
[EventType "swiss"]
[EventRounds "9"]
[EventCountry "GER"]
[SourceTitle "EXT 1997"]
[Source "ChessBase"]
[SourceDate "1996.11.15"]
[SourceVersion "1"]
[SourceVersionDate "1996.11.15"]
[SourceQuality "1"]

1. d4 d6 2. c4 e5 3. Nf3 e4 4. Ng5 f5 5. Nc3 h6 6. Nh3 g5 7. Ng1 Bg7 8. h4 Nc6
9. hxg5 $146 (9. e3 Nf6 10. hxg5 hxg5 11. Rxh8+ Bxh8 12. Nh3 Ng4 13. Be2 Nh6
14. Bd2 Bd7 15. Qb3 b6 16. O-O-O Na5 17. Qc2 c6 18. g4 Qe7 19. gxf5 Bxf5 20.
Rh1 O-O-O 21. b4 Nb7 22. Qa4 $18 {1-0 Farago,I-Ermenkov,E/Albena 1983/}) 9...
Nxd4 $5 (9... hxg5) 10. gxh6 Ne6 (10... Nc6 $2 11. h7 Nf6 12. Bg5) 11. g4 $5 (
11. Qd5) 11... Nxh6 (11... fxg4 12. Bg2 Nxh6 13. Bxe4) 12. Bxh6 $1 (12. gxf5
Nxf5 13. Rxh8+ Bxh8 14. Nxe4 Qh4 $1 $44) 12... Rxh6 (12... Bxh6 13. gxf5 Bd2+
14. Qxd2 Rxh1 15. Nh3 Ng7 16. Qh6 $1 Bxf5 17. Qxg7 Bxh3 18. O-O-O Be6 (18...
Rxf1 19. Rxf1 Bxf1 20. Nxe4 $18) 19. Qg6+ Kd7 20. Nxe4 Bxc4 21. Nf6+ Ke7 22.
Qg7+ Bf7 23. Rd3 $1 Rxf1+ 24. Kd2 d5 25. Nxd5+ $18) 13. Rxh6 Bxh6 14. gxf5 Qh4
$1 (14... e3 15. fxe6 exf2+ 16. Kxf2 Qh4+ 17. Kg2 Be3 18. Qe1 $1 Qg4+ 19. Qg3
Qxg3+ 20. Kxg3 Bxg1 21. Bh3 $18) (14... Nc5 15. Qd5 Qg5 16. Nxe4 $1 Qxg1 17.
Nxc5 dxc5 18. Qe5+ Kf8 19. Rd1 Qg5 20. Rd8+ $1 Qxd8 21. Qh8+ Ke7 22. f6+ $18)
15. fxe6 e3 16. Qa4+ c6 17. Nd1 exf2+ 18. Nxf2 Be3 19. Ngh3 Bxe6 20. Qb3 Qg3 (
20... Bb6 21. e3 O-O-O 22. O-O-O Qg3 23. Kb1 $18) 21. Qxb7 Bxh3 $2 (21... Rc8
22. Qh7 Bxh3 23. Qxh3 Qxf2+ 24. Kd1 $14) 22. Qxc6+ $8 Ke7 23. Qf3 Qg5 $2 24.
Bxh3 Bxf2+ (24... Rf8 25. Qb7+ $18) 25. Qxf2 Qa5+ 26. Kd1 1-0